[Event "Dortmund"]
[Site "Dortmund"]
[Date "1993.??.??"]
[Round "3"]
[White "Lobron, Eric"]
[Black "Lutz, Christopher"]
[Result "0-1"]
[WhiteElo "2620"]
[BlackElo "2550"]
[Annotator "Hansen,Cu"]
[PlyCount "82"]
[EventDate "1993.04.??"]
[EventType "tourn"]
[EventRounds "7"]
[EventCountry "GER"]
[EventCategory "16"]
[SourceTitle "CBM 035"]
[Source "ChessBase"]
[SourceDate "1993.08.01"]
[SourceVersion "1"]
[SourceVersionDate "1993.08.01"]
[SourceQuality "1"]

1. d4 {Dautov Ftacnik} Nf6 2. c4 e6 3. Nf3 b6 4. a3 Ba6 5. e3 (5. Nbd2 {Ftacnik
} Bb7 6. Qc2 d5 $10) 5... d5 (5... c5 6. Nc3 (6. Be2 Nc6 7. Nc3 Na5 $13 {
Bosbach,G-Sax,G/Lugano/1989/}) 6... Be7 7. Be2 cxd4 8. Nxd4 Bb7 9. Bf3 Nc6 $10
{Hort,V-Ljubojevic,L/OHRA/1988/}) (5... Be7 6. Bd3 c5 7. d5 exd5 8. cxd5 Bxd3
9. Qxd3 d6 10. Nc3 $14 {Gorelov,S-Yailan,M/Belgorod GMA/1989/}) 6. Nbd2 (6. b3
Be7 (6... c5 7. dxc5 bxc5 8. Be2 Bb7 9. O-O Nc6 10. Bb2 Be7 11. cxd5 exd5 12.
Nc3 O-O $10 {Le Blanq,S-Condie,M/Bath zt/1987/}) 7. Bd3 O-O 8. O-O c5 9. Bb2
Nc6 (9... dxc4 10. bxc4 Nc6 11. Ne5 Na5 12. Nd2 Rc8 13. Rc1 Nd7 $15 {Smolej,
F-Siegel,G/BL/1985/}) (9... Nbd7 10. Qe2 Bb7 11. Nbd2 cxd4 12. exd4 Rc8 13.
Rad1 Rc7 14. Rfe1 {0,5/Lundin,A-Aberg,A/Helsingborg ch/1991/}) 10. Nbd2 (10.
Qe2 cxd4 11. exd4 Rc8 12. Nbd2 Re8 $10 {Cramling,P-Alexandria/Malmo ct/1986/})
10... dxc4 11. bxc4 $10 {Korsunsky,A-Emelin,V/St. Petersburg chop/1992/}) (6.
Nc3 Be7 7. Qa4+ (7. Ne5 O-O 8. Be2 c6 9. O-O Nfd7 $10 {Browne,W-Benjamin,J/USA
ch/1984/}) 7... c6 8. cxd5 Bxf1 9. Kxf1 exd5 $15 {Flesh,J-Romanischin,O/Lvov/
1981/}) (6. Ne5 c6 7. Nd2 Bd6 8. b3 O-O 9. Bb2 c5 10. f4 Nbd7 11. Bd3 Rc8 $10 {
Vladimirov,E-Fyllingen,R/Gausdal International/1991/}) 6... Be7 (6... Bd6 7. b3
O-O 8. Bd3 Bb7 9. Qc2 Nbd7 10. Bb2 c5 11. O-O Rc8 12. Rfe1 b5 13. dxc5 Bxc5 14.
Qb1 {0,5/Kholmov,R-Naumkin,I/Voskresensk/1990/}) (6... Bb7 7. Bd3 Nbd7 8. O-O
c5 9. cxd5 exd5 10. dxc5 bxc5 11. e4 dxe4 12. Re1 Be7 13. Nxe4 O-O $10 {
Werner,D-Bischoff,K/BL/1990/}) 7. b4 (7. Bd3 O-O 8. Qe2 c5 9. dxc5 bxc5 10. e4
Nc6 11. O-O Qc7 12. Re1 Rfd8 13. b3 Rab8 $10 {Ostermeyer,P-Romanischin,O/
Dortmund/1982/}) (7. Qa4+ Nfd7 (7... c6 8. cxd5 Bxf1 9. Nxf1 Qxd5 10. Ng3 h5
11. Ne2 O-O 12. O-O Nbd7 13. Nc3 Qd6 14. e4 {Silva,F-Damaso,R/POR ch/1992/}) 8.
cxd5 Bxf1 9. Nxf1 exd5 10. Ng3 O-O 11. O-O c5 12. Rd1 Nf6 $10 {Muse,M-Stoica,V/
Athens/1985/}) (7. Be2 O-O 8. O-O c5 9. b3 Nc6 10. Bb2 dxc4 11. dxc5 c3 12.
Bxc3 Bxe2 13. Qxe2 Bxc5 $10 {Andersson,U-Nikolic,P/Reggio/1987/}) 7... O-O (
7... dxc4 8. Bxc4 Bxc4 9. Nxc4 Qd5 10. Qc2 (10. Qe2 O-O 11. Bd2 a5 12. bxa5 b5
13. Nce5 Ne4 14. Bb4 $14 {Karolyi,T-Grooten,H/Dieren op/1988/}) 10... O-O 11.
O-O Nbd7 12. Rd1 $14 {Charitonov,A-Razuvaev,Y/Sochi/1987/}) 8. Bb2 c5 (8...
Nbd7 9. Qa4 (9. Qc2 c5 10. dxc5 bxc5 11. b5 Bb7 $10 {Simic,R-Rodriguez,Am/
Beograd/1980/}) 9... Qc8 10. Rc1 c5 11. Be2 dxc4 12. dxc5 bxc5 13. b5 Bb7 14.
Qc2 a6 (14... Rd8 15. O-O Nb6 16. Ne5 a6 $10 {Gheorghiu,F-Romanischin,O/Lone
Pine/1980/}) 15. bxa6 Rxa6 16. Nxc4 $14 {Gheorghiu,F-Rajkovic,D/Lone Pine/1980/
}) 9. b5 (9. dxc5 bxc5 10. b5 Bb7 11. Be2 Nbd7 12. O-O Qc7 (12... Bd6 $10 {
Ftacnik}) (12... Bd6 {Dautov} 13. a4 Rc8 14. Qc2 Bb8 (14... Qc7 $5 $10) 15.
Rfe1 Re8 16. Bd3 g6 17. h3 Qe7 18. e4 d4 $10 {Mascarinas-Romanishin/Lvov/1981})
13. Qc2 Bd6 $10 {Alexandria,N-Litinskaya_Shul,M/Vilnius m/1980/}) 9... Bb7 10.
Bd3 Nbd7 11. O-O (11. cxd5 {Dautov >=} exd5 (11... Nxd5 $10) 12. O-O Ne4 13.
Ne5 $10) 11... cxd4 12. exd4 (12. Bxd4 {Ftacnik} Nc5) 12... Ne4 (12... dxc4 13.
Nxc4 {/\Nfe5,><c6} (13. Nxc4 {Dautov} Nd5 14. Re1 $10)) 13. Bxe4 $6 (13. Qe2
Nxd2 14. Nxd2 Rc8 $10 (14... Nf6 {Dautov} 15. Rac1 Rc8 16. Nf3 dxc4 17. Bxc4
Qd6 18. Ne5 Rc7 $15)) (13. Re1 {Ftacnik} f5 $5 (13... Nxd2 14. Nxd2 dxc4 15.
Bxc4 Nf6 $15)) 13... dxe4 14. Ne1 {פe1} a6 $1 (14... Bd6 {Dautov} 15. Nc2 Qc7
16. g3 f5 17. Qe2 Rae8 18. f4 $15 exf3 19. Nxf3 e5 $17) 15. a4 axb5 16. axb5
Rxa1 17. Bxa1 (17. Qxa1 {Ftacnik} Qc7 18. Nc2 Ra8) 17... Qc7 18. Nc2 f5 $15 {
-> /\f5-f4} (18... Bg5 $1 {Dautov >=} 19. Ne3 f5 20. g3 f4 21. gxf4 Bxf4 $17 {
->}) 19. Qe2 Bg5 (19... Bd6 $5 20. h3 Nf6 $15) 20. Rd1 Nf6 {/\21. - Bxd2 22.
Rxd2 Ng4, ><h2,><c4} 21. Nf1 Rc8 (21... Ra8 $5 {/\Ra2//\Ra4}) (21... f4 {
Dautov /\f3} 22. d5 (22. c5 bxc5 23. Qc4 Bd5 24. Qxc5 Qb7 $17 {/\e3}) 22...
exd5 23. Bxf6 (23. cxd5 f3 $1 24. gxf3 Nxd5 25. fxe4 Nf4 $19) 23... Rxf6 (23...
f3 24. gxf3 Bxf6 25. cxd5 exf3 26. Qe6+ Kh8 27. Nce3 $13) 24. cxd5 Qe5 25. Nb4
$132) 22. Na3 Qd6 (22... f4 {Dautov} 23. d5 $1) 23. Bb2 Qb4 24. Rb1 Qe7 {פa3}
25. Ra1 (25. Rd1 {Dautov} f4 26. d5 $2 exd5 $19 {פa3}) 25... f4 {/\f4-f3 ->}
26. f3 e3 $17 {/\e6-e5,><c5,><c4} 27. Nc2 Qc7 (27... e5 28. dxe5 Nd7 29. Ra7
$13) 28. Ra4 $8 {צa4} (28. Na3 e5 29. dxe5 Nd7 $17) 28... Nd7 {/\e6-e5} (28...
e5 $5 29. dxe5 Nd7 $17 (29... Nd7 {Dautov} 30. e6 Nc5 $17)) 29. g3 e5 30. Ne1
exd4 (30... Rf8 $1 {Dautov} 31. dxe5 (31. d5 Nc5 32. Ra1 Bc8 $17) 31... Nxe5
32. gxf4 (32. Ra7 Qxc4 33. Qxc4+ Nxc4 34. Rxb7 Nxb2 35. Rxb6 e2 36. Nd2 fxg3
$19) 32... Nxf3+ $1 33. Nxf3 Qxf4 34. Nxg5 Qf2+ 35. Qxf2 exf2#) 31. Bxd4 Nc5
32. Bxc5 bxc5 (32... Qxc5 33. Nd3 $15 (33. Nd3 {Dautov} Qd6 34. gxf4 Bxf4 35.
Nxf4 Qxf4 36. Qxe3 $10)) 33. Ng2 (33. gxf4 {Dautov} Qxf4 34. Ng2 Qf6 $17) 33...
Rf8 {><f3} (33... Re8 {Dautov} 34. Ra3 $1 {/\gf4} (34. gxf4 Bxf4 35. Ngxe3 Qe5
36. Ra3 Qg5+ 37. Kh1 Qh5 38. Kg2 Re6 $17 {/\Rh6})) 34. gxf4 Bxf4 35. Nxf4 (35.
Ngxe3 {Dautov} Bxe3+ 36. Nxe3 Bxf3 $40) 35... Rxf4 (35... Qxf4 36. Qxe3 $13)
36. Qxe3 Rxf3 37. Qe6+ (37. Qd2 {Dautov} Qb6 $1 38. Ng3 Qg6 $17 {/\h5,Qb1})
37... Rf7 38. Ra2 (38. Qe3 {Dautov} Qd7 39. Ra1 Qg4+ 40. Ng3 h5 41. Rf1 Bf3 $17
) (38. Ra3 {Dautov} Qf4 39. Qe2 Qd4+ 40. Re3 (40. Ne3 Qe4 $19) (40. Qe3 Qg4+
41. Qg3 Qe4 $19) 40... Rf3 $1 41. Qe1 h5 $19 {/\h4,Qg4}) 38... Qf4 $19 39. Ne3
(39. Qe2 Qd4+ 40. Ne3 Rf3 (40... Qe4 41. Ng2 Qb1+ 42. Ne1 Qg6+ 43. Ng2 Bxg2 $2
44. Qe8+ $18) (40... Re7 {Dautov} 41. Ra3 Qe4 42. Qg2 Qb1+ 43. Qf1 Qg6+ 44. Ng2
Re1 $19) 41. Ra3 Qe4 $19) 39... Qg5+ 40. Ng2 Bxg2 41. h4 (41. Rxg2 Qc1+) 41...
Bd5+ {Hansen,Cu} (41... Bd5+ {Ftacnik} 42. hxg5 Bxe6 43. Ra8+ Rf8 44. Rxf8+
Kxf8 45. b6 Bc8 $19) 0-1

[Event "Dortmund"]
[Site "Dortmund"]
[Date "1993.??.??"]
[Round "5"]
[White "Kramnik, Vladimir"]
[Black "Lutz, Christopher"]
[Result "1/2-1/2"]
[WhiteElo "2685"]
[BlackElo "2550"]
[Annotator "Hansen,Cu"]
[PlyCount "63"]
[EventDate "1993.04.??"]
[EventType "tourn"]
[EventRounds "7"]
[EventCountry "GER"]
[EventCategory "16"]
[SourceTitle "CBM 035"]
[Source "ChessBase"]
[SourceDate "1993.08.01"]
[SourceVersion "1"]
[SourceVersionDate "1993.08.01"]
[SourceQuality "1"]

1. d4 {Konikowski Dautov} Nf6 2. c4 e6 3. Nf3 b6 4. a3 Ba6 5. Qc2 Bb7 6. Nc3 c5
7. e4 cxd4 8. Nxd4 Nc6 9. Nxc6 Bxc6 10. Bf4 (10. Be2 Qb8 (10... d6 11. Bf4 Be7
12. Rd1 Qb8 13. O-O O-O 14. Rd2 $14 {deFirmian,N-Schussler,H/Thessaloniki OL/
1984/}) (10... Bc5 11. O-O Qc7 12. Kh1 h5 13. f3 h4 14. b4 Bd4 15. Bd2 Nh5 $17
{Farago,S-Grooten/Sas van Gent/1988/}) 11. Be3 (11. O-O $6 Bc5 $15 {Fedorowicz,
J-Miles,A/USA ch/1986/+/Grooten-Miles/Biel/1985/} (11... Qe5 12. Bf3 g5 13. g3
$13 {Farago,I-Greenfeld,A/Beer-Sheva/1987/})) 11... Bc5 12. Bxc5 bxc5 13. O-O
Qe5 14. f3 $10 {Christiansen,L-Miles,A/Linares/1985/}) (10. Bd3 Qb8 11. Qe2 Bd6
12. Nd5 $13 {Solozhenkin-Lau,R/Dusseldorf/1990/}) (10. Bg5 Qb8 11. g3 Nxe4 12.
Nxe4 f5 13. Bg2 Bxe4 14. Bxe4 Qe5 15. f3 fxe4 16. Bf4 $14 {Lputian,S-Psakhis,L/
Sochi/1987/}) 10... Nh5 (10... Bc5 11. Be2 O-O 12. Rd1 a5 13. O-O (13. Bg3 Qc8
$13 {Gelfand,B-Adams,M/Tilburg/1992/} (13... Qe7 {Dautov} 14. e5 Ne8 15. O-O f5
16. exf6 Nxf6 $13 {Adams})) 13... Qe7 (13... Rc8 14. Qd3 Ne8 15. Rd2 f6 16. Nb5
$16 {Gurevich,M-Yudasin,L/Tbilisi/1985/}) 14. Bf3 e5 15. Bc1 a4 {0,5/
Marjanovic-Popovic/Clichy/1986/}) 11. Be3 (11. Bd2 Qb8 12. g3 f5 13. Bd3 Bd6
14. O-O-O f4 $13 {Polugajevsky,L-Arnason,J/Reykjavik/1987/}) 11... Qb8 (11...
Bc5 12. Bxc5 (12. Qd2 Qc7 13. Be2 Bxe3 14. Qxe3 Nf4 15. Bf3 O-O 16. O-O $10 {
Savchenko,S-Pliester,L/Groningen op/1992/}) 12... bxc5 13. g3 O-O 14. Bd3 (14.
Be2 Nf6 15. O-O Qb8 16. Rad1 Rd8 17. f4 $14 {Miles,A-Ribli,Z/BRD/1988/} (17. f4
{Dautov} d6 18. Bf3 Qb7 19. Qe2 $14 {Ribli-Miles/BRD/1988})) 14... Nf6 15.
O-O-O $13 {Bareev,E-Eingorn,V/USSR/1985/}) (11... Bd6 $4 12. Qd1 {1-0/
Christiansen,L-Karpov,A/Wijk/1993/}) 12. O-O-O (12. g3 f5 (12... Be7 13. Bd3
Nf6 14. h3 (14. f3 O-O 15. O-O-O {/\g4}) 14... d6 15. O-O a6 16. Rae1 $14 {
Cramling,P-Csom,I/Ter Apel/1991/}) 13. O-O-O Nf6 14. Bd3 Qb7 15. f3 fxe4 16.
Nxe4 Nxe4 17. fxe4 Bd6 $15 {Lutz,C-Karpov,A/Dortmund/1993/CBM35/} (17... Bd6 {
Dautov} 18. Rhf1 Be5 19. Bf4 Qb8 20. Qe2 O-O 21. Qh5 Rxf4 $1 22. gxf4 Bxf4+ 23.
Kb1 Qe5 24. Qxe5 Bxe5 25. h3 a5 $10 {->Lutz-Karpov/Dortmund/1993})) 12... Bd6
13. g3 {/\f2-f4,Bf1-g2,e4-e5} Be5 (13... f5 {Dautov} 14. Be2 Nf6 15. exf5 $1
Bxh1 16. Rxh1 Qb7 (16... Qd8 17. Rd1 Qe7 18. Nb5 $16) (16... Qc8 17. Bf3 Rb8
18. Nb5 $36) 17. Rd1 Be7 18. g4 O-O 19. g5 Ne8 20. Bd3 $16) 14. Bd3 {/\f2-f4} (
14. f4 $2 Bxc3 15. Qxc3 Bxe4) (14. Bd4 $5 {Dautov} Nf6 (14... Bxd4 15. Rxd4 Qe5
16. Qd2 Nf6 17. f4 Qc5 18. Bg2 e5 19. fxe5 Qxe5 20. Rf1 O-O 21. Rf5 Qe6 22. Nd5
$16) 15. Bxe5 Qxe5 16. f4 Qc7 (16... Qc5 17. Bd3 d6 18. Rhe1 $16) 17. Bg2 $14)
14... Qb7 15. Rhe1 Nf6 (15... O-O 16. f4 Bxc3 17. Qxc3 Bxe4 18. Bxe4 Qxe4 19.
Bc5 $16) 16. f4 (16. Bf4 $1 {Dautov} d6 (16... Bxc3 17. Qxc3 Rc8 18. Bd6 $16) (
16... Bxf4+ 17. gxf4 d6 18. e5 dxe5 19. fxe5 Nd7 20. Ne4 $16) 17. Bxe5 dxe5 18.
Bf1 O-O 19. f3 Rfd8 20. Qf2 $16) 16... Bxc3 17. Qxc3 Rc8 (17... Bxe4 18. Bxe4
Qxe4 (18... Nxe4 19. Qxg7 $16 (19. Qxg7 {Konikowski} Rf8 20. Kb1 Rc8 21. Rd4 h5
22. f5 $1 $36)) 19. Bxb6 $16 {/\Bd4}) (17... Nxe4 {Konikowski} 18. Bxe4 Bxe4
19. Qxg7 Rf8 20. f5 (20. Bd2 a5 21. Bc3 Rc8 22. Rd4 Bg6 23. Qf6 Qf3 $13) 20...
Bxf5 21. Bg5 (21. Bh6 O-O-O 22. Qf6 Rg8 23. Qxf7 Qc6 $132) 21... Rc8 (21... Qc6
22. Rd4 Qa4 23. Re2 Rc8 24. Qf6 Rxc4+ 25. Rxc4 Qxc4+ 26. Kd2 Qd5+ 27. Ke3 Qc5+
28. Kf3 Qc6+ 29. Kf2 Qc5+ 30. Ke1 Qg1+ 31. Kd2 $18) 22. b3 d5 23. Bh6 Kd7 24.
Qf6 Rfe8 25. Qxf7+ (25. Kb2 $5) 25... Re7 26. Qf6 $16) 18. e5 (18. Bd4 Nxe4 (
18... Bxe4 19. Bxf6 Bxd3 20. Rxd3 gxf6 21. Qxf6 Rxc4+ 22. Kb1 Rf8 (22... O-O
23. Qg5+ Kh8 24. Qe7 $16) 23. f5 Qg2 24. fxe6 $1 fxe6 (24... Qc2+ 25. Ka1 Qxd3
26. exf7#) 25. Rxe6+ dxe6 26. Qxe6#) 19. Bxe4 Bxe4 20. Bxg7 Rg8 $132 {/\d7-d5}
(20... Rg8 {Konikowski} 21. Bf6 d5 (21... Rg6 22. Bh4 Rg8 (22... d5 23. Rxe4
$18) 23. b3 d5 24. Qf6 Qc7 25. Kb2 $16) 22. Rxe4 $1 dxe4 23. Qb4 Rg6 24. Bh4 (
24. Qb5+ Kf8 25. Rd7 Qa8 26. Qb4+ Kg8 27. Qe7 Rf8 28. Rxa7 Qe8 $13) 24... f6
25. Rd6 Kf7 (25... f5 26. Qc3 Kf7 27. Qd4 Kg8 28. b3 $44) 26. Qb5 Rc7 27. b3 {
/\Qh5})) (18. b3 {Dautov} b5 $1 (18... O-O $2 19. Bd4 Nxe4 20. Bxe4 Bxe4 21.
Bxg7 $16) 19. c5 Bxe4 20. Bxe4 Qxe4 21. Bd4 Qg6 22. Qa5 O-O 23. Qxb5 Rb8 24.
Qc4 Nd5 $132) 18... Nd5 19. Qd4 Ba4 20. Rd2 b5 $10 21. Kb1 (21. c5 {Dautov}
Nxe3 $1 22. Qxe3 (22. Rxe3 $4 Qh1+ $19) 22... b4 $36) (21. Qxa7 {Dautov} Qxa7
22. Bxa7 bxc4 23. Bc2 (23. Be4 $6 c3 24. bxc3 Rxc3+) 23... Bxc2 24. Rxc2 Ke7
25. Re4 Rc7 26. Bf2 Rhc8 $10) 21... bxc4 22. Bxc4 Bb3 23. Bxd5 (23. Bxb3 $2
Qxb3 $17) 23... Bxd5 24. Qb4 (24. Qxa7 $2 Qb3 25. Rxd5 $8 Qxd5 $17) 24... Qxb4
25. axb4 a6 26. Bc5 Kd8 {/\Kc7-b7} 27. Bb6+ Ke7 {/\d7-d6} 28. Bc5+ Kd8 29. f5
Kc7 30. fxe6 fxe6 31. Rf2 Kc6 32. Rf7 {Hansen,Cu} (32. Rf7 {Dautov} Rhg8 $10)
1/2-1/2

[Event "Bundesliga 9900"]
[Site "Germany"]
[Date "2000.03.13"]
[Round "13.5"]
[White "Piket, Jeroen"]
[Black "Lauber, Arnd"]
[Result "1-0"]
[WhiteElo "2633"]
[BlackElo "2416"]
[Annotator "Hansen,Cu"]
[PlyCount "107"]
[EventDate "1999.10.09"]
[EventType "team-tourn"]
[EventRounds "15"]
[EventCountry "GER"]
[SourceTitle "CBM 076"]
[Source "ChessBase"]
[SourceDate "2000.05.31"]
[SourceVersion "1"]
[SourceVersionDate "2000.05.31"]
[SourceQuality "1"]
[WhiteTeam "Solingen"]
[BlackTeam "Delmenhorst"]
[WhiteTeamCountry "GER"]
[BlackTeamCountry "GER"]

1. d4 Nf6 2. c4 e6 3. Nf3 b6 4. a3 Bb7 5. Nc3 d5 6. cxd5 Nxd5 7. e3 g6 8. Bb5+
c6 9. Nxd5 exd5 10. Bd3 Bg7 11. b4 O-O 12. Bd2 Nd7 13. O-O Re8 {[%csl Rb7,Rd2]
What is there to say about this position? Well first of all the reason why
white does not have a small but clear positional advantage is that his
blacksquared-B is on the wrong side of the P-chain d4-e3. Had it been on - say
f4 - that would have been a clear improvement.   The position of Bd2 makes
whites position somewhat more defensive. Under the circumstances it is almost
impossible to achieve the breakthrough in the centre - e3-e4 - so he must
concentrate on the Q-side. Practically any P-exchange here would improve
whites chances.   What can black do ? Not much, which is probably the problem
if you as black are playing against a stronger opponent in such situations.
Waiting for whites small improvements and react accordingly is not easy. The
P-breaks available are a7-a5, c6-c5 and f7-f5-f4. Only the last one of these
would improve blacks position, though the weakening of the square e5 would
have to be considered.} 14. Qc2 Rc8 15. Rab1 Qc7 (15... Nf6 $5 {[%cal Yf6e4]
putting this N on e4 is a active and good possibility and should in my opinion
have been played. The best squares for the N is - if not e4 - then quite often
d6 eyeing the slightly weak square c4.}) 16. Rfc1 Qd6 17. a4 Ba8 18. Bc3 {
discouraging c6-c5} Re7 19. h3 Nf8 20. Nd2 {This move improves whites chances
on the Q-side considerably, but it also makes whites K-side look quite naked.
Therefore blacks counterplay in connection with f7-f5 becomes much more
powerfull. Personally I would have preferred to keep the N on f3 a little
longer. Possible was Bd3-f1 and under the right circumstances maybe Nf3-e5-d3.
In that case f7-f5 would have been less desirable} (20. Bf1 $5) 20... Ne6 21.
Nb3 {With blacks N on e4 putting this N so far away from the K would have been
risky. However now it controls c5, and there are no dangers to the own K} Ng5
22. a5 f5 $1 $132 {[%cal Yf5f4]} 23. Be1 {Trying to make use of the defensive
B. White has managed to build up quite som pressure on the Q-side but what
would he have done against some well-timed f5-f4 ?} Ne6 (23... f4 $5 {Why not
play this active move - positionally sound} 24. exf4 Qxf4 25. Bd2 Qh4 26. Bxg5
Qxg5 {[%csl Rb6,Rc6,Rd4]} 27. axb6 axb6 28. b5 c5 $5 $132) 24. Qa2 Rf8 $2 (
24... f4 $5 25. e4 dxe4 26. Bxe4 Kh8 {is not as and logical as one move before
but still it seems playable. If black has played f7-f5 he should continue with
f5-f4 if not for other reasons then to take some of whites attention away from
the Q-side}) 25. axb6 axb6 26. b5 $1 {[%csl Rb6] White has achieved his goal.
The exchange of a and b-P for some of blacks Q-side Ps. And under extremely
good circumstances since blacks b6-P is going to be an isolated P} c5 $2 27.
dxc5 bxc5 28. Nxc5 $1 Nxc5 29. Bb4 Rc7 30. b6 $1 $18 Rc6 31. Bb5 Rcc8 32. Qa3
Qxb6 33. Bxc5 Qf6 34. Bxf8 Rxf8 35. Qa6 d4 36. Bc6 dxe3 37. Qa2+ Qf7 38. Qxf7+
Kxf7 39. fxe3 Bh6 40. Kf2 Bxc6 41. Rxc6 Re8 42. Rb7+ Kg8 43. Rc3 Bg5 44. Kf3
Bf6 45. Rcc7 h5 46. Rc6 Rf8 47. Rbc7 Rf7 48. Rxf7 Kxf7 49. Kf4 Kg7 50. g4 fxg4
51. hxg4 hxg4 52. Kxg4 Kf7 53. Kf4 Bb2 54. Kg5 1-0

[Event "St Petersburg op"]
[Site "St Petersburg"]
[Date "1994.??.??"]
[Round "7"]
[White "Anastasian, Ashot"]
[Black "Aseev, Konstantin N"]
[Result "1/2-1/2"]
[WhiteElo "2545"]
[BlackElo "2545"]
[Annotator "Hansen,Cu"]
[PlyCount "101"]
[EventDate "1994.02.??"]
[EventType "swiss"]
[EventRounds "9"]
[EventCountry "RUS"]
[SourceTitle "CBM 041"]
[Source "ChessBase"]
[SourceDate "1994.08.01"]
[SourceVersion "1"]
[SourceVersionDate "1994.08.01"]
[SourceQuality "1"]

1. d4 Nf6 2. c4 e6 3. Nf3 b6 4. Nc3 Bb7 5. a3 d5 6. cxd5 Nxd5 7. Qc2 Nxc3 8.
bxc3 c5 9. e4 Nc6 10. Bb2 (10. Bd3 g6 11. Bg5 Be7 12. Bh6 Bf8 13. Bg5 Be7 {
Browne,V-Sosonko,G/Tilburg/1982/}) (10. Bc4 a6 11. Qd3 cxd4 12. cxd4 b5 13. Bb3
g6 14. O-O Bg7 15. Be3 O-O 16. Rfd1 Na5 $15 {Schussler,H-Ornstein,A/Stockholm/
1980/}) 10... Be7 (10... g6 11. Rd1 Bg7 12. d5 exd5 13. exd5 Qe7+ 14. Be2 Ne5
15. Qa4+ Nd7 16. O-O O-O 17. Rfe1 Qd6 18. Bb5 $14 {Petrosian,T-Sosonko,G/
Tilburg/1982/}) (10... cxd4 11. cxd4 Rc8 12. Rd1 Bd6 (12... a6 13. Qd2 Na5 14.
d5 exd5 15. exd5 Bd6 16. Bxg7 Qe7+ 17. Be2 Rg8 18. Qh6 $16 {Kasparov,G-Murey,Y/
Moscow izt/1982/}) (12... b5 13. d5 Nd4 14. Nxd4 Rxc2 15. Bxb5+ Ke7 16. d6+ Kf6
17. Nxc2+ Kg6 $15 {Lputian,S-Beljavsky,A/USSR/1987/}) 13. d5 (13. Qb1 Qe7 14.
Qa2 Na5 15. Bb5+ Bc6 16. Bxc6+ Rxc6 17. d5 exd5 18. Nd4 Rc5 $17 {Miles,
A-Lautier,J/Lugano open/1989/}) 13... exd5 14. exd5 Qe7+ 15. Be2 Na5 16. Qa4+
Kd8 17. Bxg7 (17. Nd4 Rc4 18. Qb5 Re8 19. Kf1 Rc5 20. Qd3 Rxd5 21. Bf3 Rc5 22.
Bxb7 Nxb7 $17 {Petursson,M-Lautier,J/Marseille/1988/}) 17... Rg8 18. Qd4 Rc2 $4
19. Bf6 $18 {Naumkin,I-Adorjan,A/Kusadasi/1990/}) (10... Rc8 11. d5 exd5 12.
exd5 Qxd5 13. Bd3 Ne5 14. O-O-O $16 {Agdestein,S-Lau,R/Dortmund/1987/}) (10...
Bd6 11. d5 exd5 12. exd5 Qe7+ 13. Be2 Ne5 14. Bb5+ Kf8 15. O-O-O a6 16. Be2 c4
17. Kb1 b5 $13 {Schussler,H-Ornstein,A/Iceland/1981/}) 11. Bd3 (11. Rd1 O-O 12.
d5 exd5 13. exd5 Na5 14. Bd3 Bf6 15. O-O (15. Bxh7+ Kh8 16. Be4 Ba6 17. Bd3
Re8+ 18. Kf1 Nc4 $44 {Portisch,L-Sosonko,G/Tilburg/1982/}) 15... h6 16. c4 Bxb2
17. Qxb2 $14 {Franco,Z-Helmers,K/Luzern ol/1982/}) (11. d5 exd5 12. Rd1 Qd6 (
12... Bf6 13. exd5 Ne5 14. Nxe5 Bxe5 15. Bb5+ Kf8 16. O-O Qd6 17. f4 Bf6 18. c4
a6 19. Be5 $18 {Tukmakov,V-Oll,L/Kujbyshev/1986/}) 13. exd5 Ne5 14. Bb5+ Kf8
$10 {Kaiarov-Aseev,K/USSR/1987/}) 11... Rc8 12. O-O O-O (12... cxd4 13. cxd4
Nxd4 $2 14. Qa4+ Nc6 15. Bxg7 $16) 13. d5 $6 (13. Qe2) 13... c4 $1 14. Bxc4 Na5
15. Ba2 exd5 16. Rad1 (16. Bxd5 Bxd5 17. Rad1 Bxe4 $17 {>< Bb2, קc3}) (16.
exd5 Nc4 $44 (16... Bxd5 17. Rad1 Bxa2 18. Rxd8 Rfxd8 $44)) 16... Nc4 17. Bxc4
Rxc4 18. Rfe1 (18. exd5 Bxd5 19. Ne5 Rc5 20. c4 Qa8 $15) 18... Rc5 $1 {/\Qc7 -/
+} 19. e5 $1 $10 Rc4 20. Nd4 Bc5 (20... Bc8 $5) 21. Qd3 Bc8 22. Qg3 Bxd4 (22...
Be6 $5) 23. Rxd4 Rxd4 24. cxd4 Bf5 25. Bc1 Qd7 26. h4 Qe6 (26... Rc8 $5) 27.
Bg5 {/\h4-h5 + Bf6} Kh8 28. Rc1 h6 29. Bd2 Rc8 30. Rxc8+ Qxc8 31. Bb4 Kg8 32.
Kh2 Qe6 33. f3 {/\Qf4, g2-g4} Qg6 34. Qe1 (34. Qxg6 $10) 34... Be6 35. Be7 $2 (
35. g4 $2 h5 $15) (35. Qe3 $10) 35... Qd3 36. Qg3 Qxd4 $17 37. Bf6 g6 38. Qe1
Qf4+ 39. Kh1 {/\Qc3-c7 <=>} (39. Qg3 Qxg3+ 40. Kxg3 d4 $17) 39... Kh7 40. Qb1 (
40. Qc3 g5 {/\Kg6 -/+}) 40... Qc4 {/\d5-d4-d3, ץf6} 41. h5 Bf5 (41... d4 42.
hxg6+ fxg6 43. Qe4 $132) 42. Qe1 g5 {/\d5-d4-d3} 43. e6 $8 {/^ a1-h8} Bxe6 (
43... fxe6 44. Qe5 Qc1+ 45. Kh2 Qf4+ 46. Qxf4 gxf4 47. Be5 $10) 44. Bc3 {/\Qe5}
Qf4 45. Be5 Qh4+ $2 (45... Qf5 $17 {/\g5-g4, קh5}) 46. Qxh4 gxh4 47. Bd4 $10 {
קa7,קb6,><h6,קh4} h3 48. g3 (48. g4 $2 f5 $17) 48... f5 49. Kh2 Bf7 50. g4
fxg4 51. fxg4 1/2-1/2

[Event "Amsterdam Euwe Memorial"]
[Site "Amsterdam"]
[Date "1991.??.??"]
[Round "8"]
[White "Kasparov, Garry"]
[Black "Timman, Jan H"]
[Result "1/2-1/2"]
[WhiteElo "2800"]
[BlackElo "2630"]
[Annotator "Hansen,Cu"]
[PlyCount "57"]
[EventDate "1991.05.??"]
[EventType "tourn"]
[EventRounds "9"]
[EventCountry "NED"]
[EventCategory "16"]
[SourceTitle "CBM 023"]
[Source "ChessBase"]
[SourceDate "1991.08.01"]
[SourceVersion "1"]
[SourceVersionDate "1991.08.01"]
[SourceQuality "1"]

1. Nf3 {Schussler} Nf6 2. c4 b6 3. Nc3 Bb7 4. d4 e6 5. a3 d5 6. cxd5 Nxd5 7. e3
g6 8. Bb5+ c6 9. Ba4 Bg7 10. e4 {New move. 10.0-0 Nxc3 11.bxc3 0-0 12.e4
Kuprejchik-Makarichev 37/571} Nxc3 11. bxc3 Ba6 (11... O-O 12. h4 $5 (12. O-O {
37/571})) 12. h4 Qc7 13. e5 Nd7 14. Bf4 h6 15. Qc1 O-O-O 16. Qe3 c5 17. Nd2 Kb8
18. Bd1 g5 19. Bg3 gxh4 20. Rxh4 Nf8 21. a4 Ng6 22. a5 (22. Rh5 cxd4 23. cxd4
Ne7 {/\Sf5/Sd5}) 22... Nxh4 23. Bxh4 cxd4 24. cxd4 Rd5 25. axb6 Qxb6 26. Be7 {
/\Lf3} Bf8 27. Bxf8 Rxf8 28. Qa3 Rfd8 29. Qxa6 {C.Hansen} 1/2-1/2